[Event "Albena Masters op"]
[Site "Albena"]
[Date "2012.05.26"]
[Round "1"]
[White "Shishkov, Minko"]
[Black "Ovod, Irina"]
[Result "1-0"]
[WhiteElo "2293"]
[BlackElo "1760"]
[PlyCount "83"]
[EventDate "2012.05.26"]
[EventType "swiss"]
[EventRounds "9"]
[EventCountry "BUL"]
[SourceTitle "CBM 148 Extra"]
[Source "ChessBase"]
[SourceDate "2012.06.22"]
[SourceVersion "1"]
[SourceVersionDate "2012.06.22"]
[SourceQuality "1"]

1. d4 Nf6 2. c4 g6 3. Nc3 Bg7 4. e4 d6 5. h3 0-0 6. Nf3 c6 7. Be2 Nbd7 8. Bg5 a6 9. 0-0 b5 10. e5 Ne8 11. exd6 Nxd6 12. c5 Nf5 13. Re1 f6 14. Bd2 Re8 15. b4 Nf8 16. Bf1 e6 17. a4 Bd7 18. Ne4 Qc7 19. Qb3 Red8 20. g4 Ne7 21. g5 f5 22. Nf6+ Bxf6 23. gxf6 Nd5 24. f7+ Kxf7 25. Ne5+ Kg7 26. Bg2 Re8 27. Qg3 h6 28. Kh1 Qd8 29. Rg1 Qf6 30. Ra3 Re7 31. axb5 cxb5 32. Rf3 Kh7 33. h4 Ra7 34. Qh2 Rg7 35. Bg5 Qxe5 36. Qxe5 hxg5 37. hxg5 Kg8 38. Rh3 Nxb4 39. Kh2 a5 40. Rh1 a4 41. Kg3 Nh7 42. Qb8+ 1-0

[Event "EU-ch (Women) 10th"]
[Site "St Petersburg"]
[Date "2009.03.16"]
[Round "8"]
[White "Ovod, Irina"]
[Black "Efremova, Daria"]
[Result "0-1"]
[WhiteElo "1777"]
[BlackElo "1910"]
[PlyCount "112"]
[EventDate "2009.03.08"]
[EventType "swiss"]
[EventRounds "11"]
[EventCountry "RUS"]
[SourceTitle "CBM 129 Extra"]
[Source "ChessBase"]
[SourceDate "2009.05.05"]
[SourceVersion "2"]
[SourceVersionDate "2009.05.20"]
[SourceQuality "1"]

1. Nf3 Nf6 2. g3 g6 3. Bg2 Bg7 4. d3 c5 5. 0-0 Nc6 6. Nbd2 d6 7. a3 0-0 8. c3 e5 9. h3 h6 10. Nh2 Be6 11. e4 Qd7 12. g4 Nh7 13. f3 Kh8 14. Rf2 f5 15. Ndf1 d5 16. exf5 gxf5 17. Ng3 f4 18. Nh5 Rae8 19. Nxg7 Qxg7 20. Bd2 Nf6 21. Rc1 Bg8 22. Be1 Qg6 23. Bf1 Rd8 24. Rg2 e4 25. h4 Ne8 26. g5 h5 27. Rd2 e3 28. Rg2 Be6 29. Kh1 Ng7 30. Be2 Bf5 31. Nf1 d4 32. cxd4 cxd4 33. Rc5 b6 34. Rxf5 Nxf5 35. b4 Rc8 36. b5 Ne5 37. Rh2 Rf7 38. Bb4 Rfc7 39. Qb3 Rc1 40. Kg2 R8c2 41. Kh3 Ng7 42. Rg2 Qe6+ 43. Qxe6 Nxe6 44. Bd6 Ng6 45. Nh2 Rb1 46. Bb4 Rbb2 47. Ng4 Rxe2 48. Rxe2 hxg4+ 49. Kxg4 Rxe2 50. Kf5 Nxh4+ 51. Kxe6 Rg2 52. Kf6 Nxf3 53. g6 e2 54. Kf5 e1Q 55. Bxe1 Nxe1 56. Kxf4 Rxg6 0-1

[Event "EU-ch (Women) 10th"]
[Site "St Petersburg"]
[Date "2009.03.14"]
[Round "7"]
[White "Ovod, Irina"]
[Black "Ikonomopoulou, Maria"]
[Result "0-1"]
[WhiteElo "1777"]
[BlackElo "2052"]
[PlyCount "68"]
[EventDate "2009.03.08"]
[EventType "swiss"]
[EventRounds "11"]
[EventCountry "RUS"]
[SourceTitle "CBM 129 Extra"]
[Source "ChessBase"]
[SourceDate "2009.05.05"]
[SourceVersion "2"]
[SourceVersionDate "2009.05.20"]
[SourceQuality "1"]

1. Nf3 d5 2. g3 Nc6 3. Bg2 e5 4. d3 f6 5. 0-0 Be6 6. Nbd2 Qd7 7. e4 Nge7 8. Ne1 0-0-0 9. a3 Bh3 10. b4 h5 11. f3 g6 12. Bb2 Bh6 13. Qe2 g5 14. Rf2 g4 15. Bxh3 gxh3 16. Kh1 Ng6 17. Nb3 h4 18. g4 Nf4 19. Qf1 Rhg8 20. Bc1 dxe4 21. dxe4 Nd4 22. Nc5 Qc6 23. Bxf4 Bxf4 24. Qxh3 b6 25. Ncd3 Qc3 26. Rd1 Be3 27. Rg2 Bg5 28. a4 Ne6 29. Rb1 Qa3 30. a5 Qa2 31. Rb3 Nd4 32. Rb2 Qc4 33. Rf2 Ne6 34. Qf1 Rxd3 0-1

[Event "EU-ch (Women) 10th"]
[Site "St Petersburg"]
[Date "2009.03.08"]
[Round "1"]
[White "Ovod, Irina"]
[Black "Cherenkova, Kristina"]
[Result "0-1"]
[WhiteElo "1777"]
[BlackElo "2270"]
[PlyCount "82"]
[EventDate "2009.03.08"]
[EventType "swiss"]
[EventRounds "11"]
[EventCountry "RUS"]
[SourceTitle "CBM 129 Extra"]
[Source "ChessBase"]
[SourceDate "2009.05.05"]
[SourceVersion "2"]
[SourceVersionDate "2009.05.20"]
[SourceQuality "1"]

1. Nf3 Nf6 2. g3 g6 3. Bg2 Bg7 4. 0-0 0-0 5. d4 d6 6. Re1 c5 7. d5 b5 8. a3 Nbd7 9. e4 Rb8 10. c3 Qc7 11. Nbd2 c4 12. Nd4 Nc5 13. Qe2 Nd3 14. Rf1 Bd7 15. h3 e6 16. dxe6 fxe6 17. Nc2 a5 18. Ne1 Nc5 19. Kh2 Bc6 20. f3 Rbe8 21. Rg1 Nh5 22. Bh1 d5 23. Rb1 Be5 24. Nf1 dxe4 25. f4 Bd6 26. Be3 Nd3 27. Nc2 e5 28. f5 Rxf5 29. g4 Nhf4 30. Qd2 Rf7 31. Ng3 Qb7 32. Bg2 Ref8 33. Bh1 Bc5 34. Ne1 Bxe3 35. Qxe3 Nd5 36. Qg5 Rf2+ 37. Ng2 e3 38. Ne4 N5f4 39. Nf6+ Kh8 40. h4 Bxg2 41. h5 Bxh1+ 0-1

[Event "St Petersburg Nov op"]
[Site "St Petersburg"]
[Date "2008.11.06"]
[Round "6"]
[White "Zakharov, Yuri Vasilievich"]
[Black "Ovod, Irina"]
[Result "1-0"]
[WhiteElo "2056"]
[BlackElo "1831"]
[PlyCount "133"]
[EventDate "2008.11.01"]
[EventType "swiss"]
[EventRounds "9"]
[EventCountry "RUS"]
[SourceTitle "EXT 2010"]
[Source "ChessBase"]
[SourceDate "2010.11.25"]
[SourceVersion "1"]
[SourceVersionDate "2010.11.25"]
[SourceQuality "1"]

1. Nf3 d5 2. g3 Bf5 3. d4 e6 4. Bg2 h6 5. c3 Bd6 6. Qb3 Qc8 7. 0-0 Nc6 8. a4 Nf6 9. a5 a6 10. Qd1 0-0 11. b4 Na7 12. Qb3 c6 13. Nbd2 Ne4 14. Ne1 Nxd2 15. Bxd2 Nb5 16. f3 e5 17. e4 Be6 18. Qb2 exd4 19. cxd4 Be7 20. e5 h5 21. Nd3 Bf5 22. Nc5 Nc7 23. Be3 Ne6 24. h4 Rb8 25. Na4 Bd8 26. Rfc1 Qd7 27. Nc5 Qc8 28. Qd2 Be7 29. Bf1 Nc7 30. Bd3 Bg6 31. Bg5 Bxc5 32. bxc5 Qe6 33. Bf1 Bf5 34. Kh2 Rfe8 35. Re1 Qg6 36. Be3 Qe6 37. Bf2 Rf8 38. Re3 Rfe8 39. Rae1 Qg6 40. Be2 Re6 41. Rg1 Qh7 42. g4 hxg4 43. fxg4 Be4 44. g5 g6 45. Bg4 Re7 46. Rh3 Ne6 47. h5 Qg7 48. h6 Qh7 49. Be3 Kf8 50. Kg3 Ke8 51. Rh2 Kd7 52. Rf2 Rbe8 53. Rgf1 Rf8 54. Rf6 Ke8 55. Qb2 Rd7 56. Bxe6 Re7 57. Bg4 Bd3 58. R1f2 Bb5 59. Qd2 Qh8 60. e6 Qh7 61. Bf4 fxe6 62. Rxf8+ Kxf8 63. Bd6+ Ke8 64. Qf4 Rf7 65. Qxf7+ Qxf7 66. Rxf7 Kxf7 67. Bxe6+ 1-0

[Event "St Petersburg-ch sf (Women)"]
[Site "St Petersburg"]
[Date "2006.12.14"]
[Round "7"]
[White "Borzova, Asya"]
[Black "Ovod, Irina"]
[Result "1/2-1/2"]
[WhiteElo "1804"]
[BlackElo "1910"]
[PlyCount "79"]
[EventDate "2006.11.30"]
[EventType "swiss"]
[EventRounds "9"]
[EventCountry "RUS"]
[SourceTitle "EXT 2019"]
[Source "ChessBase"]
[SourceDate "2018.10.10"]
[SourceVersion "1"]
[SourceVersionDate "2018.10.10"]
[SourceQuality "1"]

1. d4 d5 2. c4 c6 3. Nf3 Nf6 4. Nc3 dxc4 5. a4 e6 6. e3 Bb4 7. Bxc4 Bxc3+ 8. bxc3 Nd5 9. Qb3 0-0 10. 0-0 Nd7 11. Re1 Qa5 12. e4 Ne7 13. Ba3 Re8 14. d5 Nf8 15. Rad1 Neg6 16. Bb4 Qc7 17. dxc6 bxc6 18. a5 c5 19. Ba3 Rb8 20. Qa2 Qxa5 21. h4 Qc7 22. Qd2 Bb7 23. Qd6 Rbc8 24. Qxc7 Rxc7 25. Rd6 Rec8 26. Bc1 Rc6 27. Rxc6 Bxc6 28. h5 Ne7 29. Ba6 Rd8 30. Ba3 Nd7 31. Rd1 Rb8 32. Rd2 Kf8 33. Bc4 Ke8 34. Re2 Rb1+ 35. Kh2 Ra1 36. Bb2 Ra4 37. Nd2 Nb6 38. Bb3 Ra5 39. c4 Ra6 40. Bxg7 1/2-1/2

[Event "St Petersburg Autumn op"]
[Site "St Petersburg"]
[Date "2006.11.07"]
[Round "8"]
[White "Smirnov, Vladimir G"]
[Black "Ovod, Irina"]
[Result "1/2-1/2"]
[WhiteElo "1876"]
[BlackElo "1910"]
[PlyCount "72"]
[EventDate "2006.10.31"]
[EventType "swiss"]
[EventRounds "9"]
[EventCountry "RUS"]
[SourceTitle "EXT 2007"]
[Source "ChessBase"]
[SourceDate "2006.11.23"]
[SourceVersion "1"]
[SourceVersionDate "2006.11.23"]
[SourceQuality "1"]

1. d4 Nf6 2. c4 d5 3. e3 e6 4. Nf3 Bb4+ 5. Bd2 Bxd2+ 6. Nbxd2 0-0 7. Bd3 Nbd7 8. 0-0 c5 9. Qc2 dxc4 10. Nxc4 g6 11. Rfd1 Qe7 12. Nce5 cxd4 13. exd4 Nd5 14. Qd2 Kg7 15. Ng4 f6 16. Re1 Qf7 17. Nh4 g5 18. Nf3 N7b6 19. h3 Bd7 20. Rac1 Bc6 21. a3 Nf4 22. Be4 Bxe4 23. Rxe4 h5 24. Ngh2 Nbd5 25. Ree1 b6 26. Nf1 Rae8 27. Ne3 Re7 28. Rc6 Rc7 29. Rxc7 Qxc7 30. Nxd5 exd5 31. Re3 Rf7 32. Ne1 Re7 33. h4 Rxe3 34. fxe3 Ne6 35. hxg5 Nxg5 36. Qe2 Kh6 1/2-1/2

[Event "St Petersburg Autumn op"]
[Site "St Petersburg"]
[Date "2006.11.03"]
[Round "4"]
[White "Ovod, Irina"]
[Black "Bogdanov, Andrei"]
[Result "0-1"]
[WhiteElo "1910"]
[BlackElo "2093"]
[PlyCount "88"]
[EventDate "2006.10.31"]
[EventType "swiss"]
[EventRounds "9"]
[EventCountry "RUS"]
[SourceTitle "EXT 2007"]
[Source "ChessBase"]
[SourceDate "2006.11.23"]
[SourceVersion "1"]
[SourceVersionDate "2006.11.23"]
[SourceQuality "1"]

1. Nf3 Nf6 2. g3 c5 3. Bg2 Nc6 4. 0-0 e6 5. d3 Be7 6. Nc3 d5 7. Nd2 Rb8 8. e4 d4 9. Nb5 a6 10. Na3 b5 11. f4 e5 12. Nf3 Bd6 13. f5 a5 14. Bd2 c4 15. Nb1 Bc5 16. Kh1 Ba6 17. Be1 b4 18. a3 Bb5 19. Bf2 Ng4 20. dxc4 Bxc4 21. Nfd2 Bxf1 22. Qxg4 Bxg2+ 23. Kxg2 0-0 24. Nc4 f6 25. b3 bxa3 26. Qf3 Rf7 27. Nbxa3 Rd7 28. Rd1 Bxa3 29. Nxa3 d3 30. Rd2 dxc2 31. Rxc2 Rd3 32. Qe2 Nb4 33. Rc5 Rc8 34. Rxc8 Qxc8 35. Nc4 Rxb3 36. Nxa5 Rd3 37. Qb2 Qc3 38. Qe2 g6 39. fxg6 hxg6 40. Qg4 Kf7 41. Nb7 Rd2 42. Qh4 Kg7 43. g4 Nd3 44. g5 Rxf2+ 0-1

[Event "St Petersburg Autumn op"]
[Site "St Petersburg"]
[Date "2006.11.01"]
[Round "2"]
[White "Ovod, Irina"]
[Black "Ivanov, Viktor P"]
[Result "1/2-1/2"]
[WhiteElo "1910"]
[BlackElo "2077"]
[PlyCount "120"]
[EventDate "2006.10.31"]
[EventType "swiss"]
[EventRounds "9"]
[EventCountry "RUS"]
[SourceTitle "EXT 2007"]
[Source "ChessBase"]
[SourceDate "2006.11.23"]
[SourceVersion "1"]
[SourceVersionDate "2006.11.23"]
[SourceQuality "1"]

1. d4 Nf6 2. c4 c5 3. d5 d6 4. Nc3 g6 5. Bg5 Bg7 6. e4 h6 7. Bh4 Na6 8. a3 Qa5 9. Bd3 g5 10. Bg3 Bg4 11. f3 Bh5 12. Nge2 Nd7 13. 0-0 Ne5 14. Qc2 Nxd3 15. Qxd3 Nc7 16. Rab1 a6 17. Be1 Qb6 18. Na4 Qa7 19. Bf2 0-0 20. b4 b6 21. Nac3 Bg6 22. g4 a5 23. bxc5 bxc5 24. a4 Na6 25. Nb5 Qd7 26. Qd2 Nb4 27. Ng3 Be5 28. Be3 f6 29. Kg2 Rf7 30. Rh1 Rh7 31. Nf5 Bxf5 32. gxf5 Rg7 33. h3 Kf7 34. Kf2 Rag8 35. Rhg1 Kf8 36. Rg4 h5 37. Rgg1 h4 38. Rg4 Bg3+ 39. Ke2 Rh7 40. Rg1 Rgh8 41. Rg2 Rg8 42. Kf1 Rhg7 43. Ke2 Kf7 44. Kf1 Ke8 45. Ke2 Kd8 46. Rg1 Kc8 47. Rb1 Kb7 48. Qb2 Be5 49. Qb3 Qe8 50. Bd2 Qa8 51. Rg2 Kb6 52. Bc3 Qd8 53. Bxe5 dxe5 54. Rd1 Qd7 55. Ke3 Rd8 56. Rgd2 Rgg8 57. Kf2 Rc8 58. Ke3 Rgd8 59. Na3 Ka6 60. Nb5 Kb6 1/2-1/2